From thirty to seventy /

সংরক্ষণ করুন:
গ্রন্থ-পঞ্জীর বিবরন
প্রধান লেখক: Maas, Henry S.
অন্যান্য লেখক: Kuypers, Joseph A.
বিন্যাস: গ্রন্থ
ভাষা:ইংরেজি
প্রকাশিত: San Francisco : Jossey-Bass, c1974.
বিষয়গুলি:
ট্যাগগুলো: ট্যাগ যুক্ত করুন
কোনো ট্যাগ নেই, প্রথমজন হিসাবে ট্যাগ করুন!

MARC

LEADER 00000cam a22000002a 4500
001 0000007570
003 DAYSTAR
005 20171002014459.0
008 030703s1974 cau 001 0 eng d
020 |a 0875892345 
040 |a Daystar 
040 |d BEdgar 
050 1 |a HQ1064  |b .U5  |b M13 
100 1 |a Maas, Henry S. 
245 1 0 |a From thirty to seventy /  |c Henry S. Maas. 
260 |a San Francisco :  |b Jossey-Bass,  |c c1974. 
300 |a xii, 240 p. 
650 0 |a Aged  |x United States. 
650 0 |a Aging  |x Psychological aspects. 
650 0 |a Family life surveys  |x United States. 
700 1 |a Kuypers, Joseph A. 
908 |a 060412 
942 |c G 
952 |0 0  |1 0  |4 0  |6 HQ_1064_000000000000000_U5M13  |7 0  |9 2900  |a DUA  |b DUA  |c GC  |d 2017-09-28  |l 0  |o HQ1064.U5M13  |p BK012806  |r 2017-09-28 00:00:00  |w 2017-09-28  |x 48864  |y G 
999 |c 1855  |d 1855